Equipe de France à la coupe du monde 2006 de football - Statistiques

Statistiques générales
  • Ce quiz a été pris 1 227 fois
  • Le résultat moyen est 13 sur 24
Statistiques - réponses
Equipe Joueurs % Correct
10 Real Madrid Zinedine Zidane
97%
12 Arsenal FC Thierry Henry
92%
16 O. Marseille Fabien Barthez
90%
22 O. Marseille Franck Ribéry
85%
4 Juventus Patrick Vieira
78%
20 Juventus David Trezeguet
77%
15 Juventus Lilian Thuram
72%
6 Chelsea Claude Makélélé
70%
7 O. Lyonnais Florent Malouda
61%
19 Bayern Munich Willy Sagnol
61%
23 O. Lyonnais Grégory Coupet
59%
Selectionneur / Raymond Domenech
59%
1 FC Nantes Mickaël Landreau
53%
5 Chelsea FC William Gallas
53%
3 O. Lyonnais Eric Abidal
50%
11 O. Lyonnais Sylvain Wiltord
48%
9 O. Lyonnais Sidney Govou
44%
18 RC Lens Alou Diarra
28%
14 Manchester United Louis Saha
27%
2 Newcastle United Jean-Alain Boumsong
24%
13 Manchester United Mikaël Silvestre
23%
21 Wigan Athletic Pascal Chimbonda
23%
8 Paris SG Vikash Dhorasoo
20%
17 AS Monaco Gaël Givet
18%
Aucun quiz correspondant
Distribution des résultats
% des personnes avec chaque résultat
Percentile par nombre de réponses
Votre historique - résultats
Vous n’avez pas pris ce quiz